000 00835nam a22002417a 4500
005 20250326035811.0
008 250326b |||||||| |||| 00| 0 eng d
020 _a9781484255391
040 _cAIMIT LIBRARY
082 _22
_a005.74
_bDATC
100 _aDate, C.J.
_9206877
245 _aDatabase design and relational theory :
_bnormal forms and All that Jazz /
_cBy C.J.Date.
250 _a2nd ed.
260 _aNew York :
_bApress ,
_c2025.
300 _axix,451 p.;
_bPB
_cPB
_e26.2 cm.
650 _aPreliminaries
_9206878
650 _aPrerequisites
_9206879
650 _aFunctional dependencies boyce codd normal form and related matters
_9206880
650 _aFD axiomalization
_9206881
650 _aImplicit dependencies
_9206882
650 _aPrinciples of orthogonal design
_9206883
942 _2ddc
_cBK
_e2
_k005.74 DATC
999 _c234005
_d234005